1616 1058 1987 1422 1660 1614 1046 1384 1251 1093 1793 1532 1315 1033 1720 1377 1872 1070 1141 1967 1223 1467 1264 1071 1575 1683 1392 1175 1917 1487 1037 1972 1300 1766 1534 1242 1312 1026 1561 1091 1262 1505 1990 1362 1888 1542 1714 1834 1555 1456 1332 1846 1408 1220 1970 1105 1085 1887 1289 1981 1097 1102 1036 1825 1535 1681 1980 1511 1398 1356 1041 1599 1071 1201 1734 1538 1704 1642 1576 1331 1748 1978 1539 1114 1219 1304 1933 1388 1389 1364 1771 1955 1542 1214 1062 1228 1558 1538 1695 BCNSPRNW ULIB Ver.6.0+V

เปลี่ยนเป็นภาษาไทย

Change to English
 แสดงรายละเอียดบรรณานุกรม
  กลับหน้าหลัก

Brief Record : Get Marc (ISO 2709) : E-mail record : QR code < ปิดหน้าต่าง
LEADER : 00000nam 2200000uu 4500
001    13399108377
003     ULIB
008    110302s2547||||th 000 0 tha d
020    9789747207583
060 04 WY100^bอ494ก 2547
245 00 การพยาบาลพื้นฐาน :^bปฏิบัติการพยาบาล = Fundamentals ofnursing : nursing practice /^cอัจฉรา พุ่มดวง ... [และคนอื่นๆ]
246 31 Fundamentals of nursing : nursing practice
250    พิมพ์ครั้งที่ 1
260    กรุงเทพฯ :^bภาควิชาการพยาบาลพื้นฐานวิทยาลัยพยาบาลสภากาชาดไทย,^c2547
300    ก-ฐ, 343 หน้า :^bภาพประกอบ ;^c30 ซม.
650  7 การพยาบาล
650  7 การพยาบาล, การบริการ
650  7 ผู้ป่วย, การดูแล
700 0  อัจฉรา พุ่มดวง
710 2  วิทยาลัยพยาบาลสภากาชาดไทย. ^bภาควิชาการพยาบาลพื้นฐาน
945    ^p300^l0^i017944
945    ^p300^l0^i016966
945    ^p300^l0^i016965
995    ทศพร
999 ^a ใช้งานได้ทุกระบบ
รายการนี้ยังไม่มีแท็ก
คุณยังไม่ได้ล็อกอิน คุณสามารถมีกิจกรรมร่วมกับเว็บไซต์ได้ แต่ต้องล็อกอินก่อน ::
  ล็อกอิน

รายการสื่อสารสนเทศ

ลำดับที่ ประเภท เลขเรียก/บาร์โค้ด สถานที่ สถานะ
- ไม่พบข้อมูล -

รายการใกล้เคียง
    หัวเรื่อง [การพยาบาล]
    หัวเรื่อง [การพยาบาล, การบริการ]
    หัวเรื่อง [ผู้ป่วย, การดูแล]

BibComment


ยังไม่เคยถูกคอมเมนท์

คอมเมนท์ทรัพยากรรายการนี้
  คอมเมนท์: การพยาบาลพื้นฐาน ..


 Copyright 2026. Bcnsprnw @Library